Deep text mining (Record no. 6564)
[ view plain ]
| 000 -LEADER | |
|---|---|
| fixed length control field | 02203nam a22002057a 4500 |
| 003 - CONTROL NUMBER IDENTIFIER | |
| control field | OSt |
| 005 - DATE AND TIME OF LATEST TRANSACTION | |
| control field | 20220107122853.0 |
| 008 - FIXED-LENGTH DATA ELEMENTS--GENERAL INFORMATION | |
| fixed length control field | 190710b xxu||||| |||| 00| 0 eng d |
| 040 ## - CATALOGING SOURCE | |
| Transcribing agency | IIITMK |
| 100 ## - MAIN ENTRY--PERSONAL NAME | |
| Personal name | Agilna K C (41718001) |
| 9 (RLIN) | 16148 |
| 245 ## - TITLE STATEMENT | |
| Title | Deep text mining |
| 300 ## - PHYSICAL DESCRIPTION | |
| Extent | MPhil CS 2018-2019 |
| 500 ## - GENERAL NOTE | |
| General note | For decades, humans have dreamed of computers that understand natural language<br/>in the form of text or speech. The interaction between human and machine using<br/>natural languages is achieved through Natural language processing (NLP) with the help<br/>of smart assistants. Natural Language Processing and Text Mining or Text Analytics<br/>are Articial Intelligence (AI) technologies that endow users in transforming the key<br/>content in text documents into quantiable and actionable insights.<br/>Text in the documents is a rampant form of communication. The analyzing and<br/>understanding of these text includes multiple tasks which needs to instruct the computer<br/>to understand word-sense disambiguation. It addresses toilsome scaling and language<br/>challenges where traditional NLP techniques are less eective. Deep Text Mining, a<br/>deep learning-based text understanding helps to acquire this task to some extent. Deep<br/>text utilizes several deep neural network architectures like convolutional and recurrent<br/>neural networks and is able to perform word-level and character-level based learning.<br/>Deep learning uses a mathematical concept called word embeddings that preserves the<br/>semantic relationship among words. So, when represented properly, the word embedding<br/>allows capturing the in-depth semantic meaning of words. Word embedding techiques<br/>like GloVe, Word2Vec are euclidean approaches which fails to represent for hierarchical<br/>structures. So a better approach for representation of word embeddings is a requisite<br/>in the eld of text mining. This work attempts to builds a deep learning model with<br/>poincare word embeddings for the task of intent classication. |
| 502 ## - DISSERTATION NOTE | |
| Degree type | MPhil CS |
| Name of granting institution | 2018-2019 |
| Year degree granted | INT |
| -- | Dr Asharaf S |
| 650 ## - SUBJECT ADDED ENTRY--TOPICAL TERM | |
| Topical term or geographic name entry element | TEXT ANALYTICS |
| 9 (RLIN) | 16149 |
| 650 ## - SUBJECT ADDED ENTRY--TOPICAL TERM | |
| Topical term or geographic name entry element | CONVOLUTIONAL NEURAL NETWORKS |
| 9 (RLIN) | 16150 |
| 650 ## - SUBJECT ADDED ENTRY--TOPICAL TERM | |
| Topical term or geographic name entry element | DEEP LEARNING |
| 9 (RLIN) | 16151 |
| 650 ## - SUBJECT ADDED ENTRY--TOPICAL TERM | |
| Topical term or geographic name entry element | NATURAL LANGUAGE PROCESSING |
| 9 (RLIN) | 16152 |
| 942 ## - ADDED ENTRY ELEMENTS (KOHA) | |
| Source of classification or shelving scheme | Dewey Decimal Classification |
| Koha item type | |
| Withdrawn status | Lost status | Source of classification or shelving scheme | Damaged status | Not for loan | Collection code | Home library | Current library | Shelving location | Date acquired | Total Checkouts | Barcode | Date last seen | Price effective from | Koha item type |
|---|---|---|---|---|---|---|---|---|---|---|---|---|---|---|
| Dewey Decimal Classification | Non Fiction | IIITM-K | Kerala University of Digital Sciences, Innovation and Technology Knowledge Centre | 10/07/2019 | R-1568 | 10/07/2019 | 10/07/2019 | Project Reports |